| Tag |
First Indicator |
Second Indicator |
Subfields |
| LEADER |
00000cam a2200000Mi 4500 |
| 001 |
in00003565749 |
| 006 |
m o d |
| 007 |
cr mnu---uuaaa |
| 008 |
130220s1991 gw o 000 0 eng |
| 005 |
20260421174340.6 |
| 020 |
|
|
|a 9783642516733 (electronic bk.)
|
| 020 |
|
|
|a 3642516734 (electronic bk.)
|
| 020 |
|
|
|z 9783540543190
|
| 020 |
|
|
|z 3540543198
|
| 020 |
|
|
|z 3642516734
|
| 035 |
|
|
|a (OCoLC)851775158
|
| 040 |
|
|
|a AU@
|b eng
|e pn
|c AU@
|d OCLCO
|d GW5XE
|d OCLCQ
|d OCLCF
|d UtOrBLW
|
| 049 |
|
|
|a TXAM
|
| 050 |
|
4 |
|a QH323.5
|
| 050 |
|
4 |
|a QH324.2-324.25
|
| 072 |
|
7 |
|a PDE
|2 bicssc
|
| 072 |
|
7 |
|a MAT003000
|2 bisacsh
|
| 082 |
0 |
4 |
|a 570.285
|2 23
|
| 100 |
1 |
|
|a Wiegel, Frederik W.
|
| 245 |
1 |
0 |
|a Physical Principles in Chemoreception /
|c by Frederik W. Wiegel.
|
| 264 |
|
1 |
|a Berlin, Heidelberg :
|b Springer Berlin Heidelberg,
|c 1991.
|
| 300 |
|
|
|a 1 online resource (ix, 85 pages)
|
| 336 |
|
|
|a text
|b txt
|2 rdacontent
|
| 337 |
|
|
|a computer
|b c
|2 rdamedia
|
| 338 |
|
|
|a online resource
|b cr
|2 rdacarrier
|
| 490 |
1 |
|
|a Lecture notes in biomathematics,
|x 0341-633X ;
|v 91
|
| 520 |
|
|
|a The physical principles that play a role in the biology of chemoreception are the focus of this book, which uses ideas from diffusion theory, statistical mechanics and hydrodynamics to develop mathematical models for some of the basic phenomena. The reader is expected to be familiar with the basics of differential and integral calculus. The book will be of use to theoretical physicists or applied mathematicians who want to work on biological problems, and to mathematically-inclined biologists. The author has used this material to teach students who are in their 3rd and 4th year of a study in physical engineering.
|
| 500 |
|
|
|a Electronic resource.
|
| 650 |
|
0 |
|a Mathematics.
|
| 650 |
|
7 |
|a Mathematics.
|2 fast
|0 (OCoLC)fst01012163
|
| 655 |
|
7 |
|a Electronic books.
|2 local
|
| 710 |
2 |
|
|a SpringerLink (Online service)
|
| 776 |
1 |
8 |
|i Print version:
|z 9783540543190
|
| 830 |
|
0 |
|a Lecture notes in biomathematics ;
|v 91.
|
| 856 |
4 |
0 |
|u http://proxy.library.tamu.edu/login?url=https://link.springer.com/10.1007/978-3-642-51673-3
|z Connect to the full text of this electronic book
|t 0
|
| 994 |
|
|
|a 92
|b TXA
|
| 999 |
|
|
|a MARS
|
| 999 |
f |
f |
|s 3a7ae23a-0b50-3b5f-92ad-8b31435c787b
|i 88d122b7-571c-3578-a4b8-4e2ff666141a
|t 0
|
| 952 |
f |
f |
|a Texas A&M University
|b College Station
|c Electronic Resources
|s www_evans
|d Available Online
|t 0
|e QH324.2-324.25
|h Library of Congress classification
|
| 998 |
f |
f |
|a QH324.2-324.25
|t 0
|l Available Online
|